000 00655nam a22002177a 4500
003 KOHA_MİRAKIL
005 20260408093255.0
008 260408b tu ||||| |||| 00| 0 tur d
020 _a9786259306605
040 _aTR-AnABB
_btur
_cTR-AnABB
041 _atur
082 _a923.5561
_bDIL 2026
100 1 _aDilek, Muzaffer
245 1 0 _aGeçen zaman içinden kendi tanıklığımın izinde /
_cMuzaffer Dilek
246 _aGeçen zaman içinden
260 _aİstanbul ;
_bAgate yayınevi,
_c2026
300 _a480 sayfa ;
_c20 cm
650 0 4 _aBiyografi, Kamu Yöneticileri
900 _bCan ÇELIK
942 _2ddc
_cBK
999 _c10183
_d10183